| 000 | 00825nam a2200241 a 4500 | ||
|---|---|---|---|
| 001 | 56405 | ||
| 003 | BD-RjUL | ||
| 005 | 20211209080406.0 | ||
| 008 | 161129s1959 ii ||||| |||| 00| 0 ben d | ||
| 020 | _c: IRs 2.00 | ||
| 035 | _a(BD-RjUL)56529 | ||
| 040 |
_aBD-RjUL _bben _cBD-RjUL |
||
| 041 | _aben | ||
| 082 |
_223 _a891443 _bRAB 1959 |
||
| 100 |
_aরায়, অন্নদাশঙ্কর _9119187 |
||
| 245 | 1 | 0 |
_aবিনুর বই / _cঅন্নদাশঙ্কর রায় |
| 250 | _a২য় সং . | ||
| 260 |
_aকলিকাতা : _bডি.এম. লাইব্রেরী, _c১৯৫৯ |
||
| 300 |
_a১২২ পৃ. ; _c১৭ সেমি . |
||
| 650 |
_aবাংলা উপন্যাস _9167777 |
||
| 650 |
_abengali Fictions _9167778 |
||
| 942 |
_2ddc _cBK |
||
| 999 |
_c56405 _d56405 |
||